000 00732nam a22002295i 4500
001 53381
003 ES-MaACL
005 20230906162744.0
007 t|
008 950921s1890 sp ||||1| spa d
040 _aCAM
_bspa
_cCAM
100 1 _aEscuder, José María.
_947673
245 1 0 _aPlus Ultra /
_cJosé María Escuder.
260 _aMadrid :
_b[s.n.],
_c1890 (
_fG. Pedraza)
300 _a[4], 404, [4] p. ;
_c19 cm.
530 _aDisponible en formato digital.
651 4 _aPortugal-
_vMisceláneas.
_9158538
651 4 _aEspaña-
_vMisceláneas.
_98386
852 _aES-MaACL
_jG-10082
852 _aES-MaACL
_jF-9804
856 _uhttp://bdh-rd.bne.es/viewer.vm?id=0000039664&page=1
_zBiblioteca Digital Hispánica
999 _c53381
_d53381